LEADER 03352oam 2200817M 450 001 9910779106003321 005 20200324081330.0 010 $a1-317-15214-X 010 $a1-315-57673-2 010 $a1-317-15213-1 010 $a1-280-87705-7 010 $a9786613718365 010 $a1-4094-4389-2 035 $a(CKB)2550000000107181 035 $a(EBL)956309 035 $a(OCoLC)798536401 035 $a(SSID)ssj0000688477 035 $a(PQKBManifestationID)11368361 035 $a(PQKBTitleCode)TC0000688477 035 $a(PQKBWorkID)10607646 035 $a(PQKB)11040819 035 $a(MiAaPQ)EBC956309 035 $a(Au-PeEL)EBL956309 035 $a(CaPaEBR)ebr10576214 035 $a(CaONFJC)MIL371836 035 $a(OCoLC)1004974724 035 $a(OCoLC-P)1004974724 035 $a(FlBoTFG)9781315576732 035 $a(EXLCZ)992550000000107181 100 $a20170602e20172012 uy 0 101 0 $aeng 135 $aur||||||||||| 181 $ctxt 182 $cc 183 $acr 200 10$aDesigning safe road systems $ea human factors perspective /$fJan Theeuwes, Richard van der Horst 205 $a1st. 210 1$aBoca Raton :$cCRC Press,$d2017. 215 $a1 online resource (190 p.) 225 1 $aHuman factors in road and rail transport 300 $aPreviously issued in print: Farnham: Ashgate, 2012. 311 $a1-4094-4388-4 320 $aIncludes bibliographical references and index. 327 $aCover; Contents; List of Figures; List of Tables; Foreword; 1 Introduction; 2 Self-Explaining Roads and Traffic System; 3 Resilience to Failure and Breakdown; 4 The Performance of Road Users: Hierarchical Task Levels; 7 Individual Information Elements are Consistent and Uniform within Their Context; 8 Risk and Adverse Side Effects of Measures; 9 Motivational Aspects; 10 Variation in Performance; 11 Communicating with the Road User; 12 Summary and Conclusions; Index 330 $aThe central theme of this book is how design principles can reduce the probability of an error while driving. The authors demonstrate how knowledge of human factors helps a road authority to better understand how road users behave. They argue that in many cases the design of the environment can be further adjusted to human capabilities, and that safety should be considered a system property to be built into the road system. 410 0$aHuman factors in road and rail transport. 606 $aHighway planning 606 $aHighway planning$zNetherlands 606 $aMotor vehicle drivers 606 $aMotor vehicle drivers$zNetherlands 606 $aTraffic safety 606 $aTraffic safety$zNetherlands 606 $aRoads$xSafety measures 606 $aRoads$zNetherlands$xSafety measures 615 0$aHighway planning. 615 0$aHighway planning 615 0$aMotor vehicle drivers. 615 0$aMotor vehicle drivers 615 0$aTraffic safety. 615 0$aTraffic safety 615 0$aRoads$xSafety measures. 615 0$aRoads$xSafety measures. 676 $a625.7028/9 700 $aTheeuwes$b Jan$f1960-$01474694 702 $aHorst$b Richard van der 801 0$bOCoLC-P 801 1$bOCoLC-P 906 $aBOOK 912 $a9910779106003321 996 $aDesigning safe road systems$93688484 997 $aUNINA LEADER 05403oam 2200553I 450 001 9910790449303321 005 20230801221532.0 010 $a1-135-25831-7 010 $a1-283-45827-6 010 $a9786613458278 010 $a1-135-25832-5 010 $a0-203-87383-1 024 7 $a10.4324/9780203873830 035 $a(CKB)2670000000148614 035 $a(StDuBDS)AH24071889 035 $a(MiAaPQ)EBC958200 035 $a(Au-PeEL)EBL958200 035 $a(CaPaEBR)ebr10533852 035 $a(CaONFJC)MIL345827 035 $a(OCoLC)798532115 035 $a(OCoLC)785782573 035 $a(EXLCZ)992670000000148614 100 $a20180706d2012 uy 0 101 0 $aeng 135 $aur||||||||||| 200 10$aEvolutionary playwork $ereflective analytic practice /$fBob Hughes 205 $a2nd ed. 210 1$aAbingdon, Oxon ;$aNew York :$cRoutledge,$d2012. 215 $a1 online resource (424 p. )$c25 b/w images 311 $a0-415-55084-X 311 $a0-415-55085-8 320 $aIncludes bibliographical references and index. 327 $aIntroduction 1. A Short History of the Development of Evolutionary Playwork 2. Evolutionary Playwork Values 3. What is Evolutionary Play? 4. Play Types and the Playwork Menu 5. Combinatorial Flexibility, Non-Specialisation, Calibration and Contextualisation. 6. Stimulation Theory and Play Deprivation 7. An Introduction to Evolutionary Playwork 8. What is Evolutionay Playwork? 9. The Evolutionary Playwork Construct of the Child 10. The Evolutionary Playworker 11. Safety, Participation and Consultation 12. Is the Play Setting Working? 13. Some Deeper Considerations Conclusion 330 $bPlay is a crucial component in the development of all children. In this fully updated and revised edition of his classic playwork text, Bob Hughes explores the complexities of children's play, its meaning and purpose, and argues that adult-free play is essential for the psychological well-being of the child. The book is divided into fourteen chapters that together examine the fundamentals of evolutionary play. Firstly, Hughes examines the very earliest ideas of playwork and its impact on brain growth and organization today. He then goes on to explore and explain the key theoretical concepts underlying playwork. These include discussions on free play and creating suitable play environments alongside more thorny issues such as safety and consultation. Finally, the book offers up some of Hughes' most recent research that reveals how his approach to play and playwork in global society has continued to evolve throughout his career to meet new challenges and needs. Throughout this book, Hughes has included his fellow practitioner Mick Conway's vivid observations of children at play to bring the facts and arguments in the text to life. This revised edition reflects important recent advances in our understanding of the evolutionary history of play and its impact on the development of the brain, of the role play in the development of resilience and of the impact of play deprivation. Evolutionary Playwork is still the only book to combine the reality of playwork practice with the fundamentals of evolutionary and developmental psychology, and it is still essential reading for all playwork students, practitioners and researchers. Play is a crucial component in the development of all children. In this fully updated and revised edition of his classic playwork text, Bob Hughes explores the complexities of children's play, its meaning and purpose, and argues that adult-free play is essential for the psychological well-being of the child. The book is divided into fourteen chapters that together examine the fundamentals of evolutionary play. Firstly, Hughes examines the very earliest ideas of playwork and its impact on brain growth and organization today. He then goes on to explore and explain the key theoretical concepts underlying playwork. These include discussions on free play and creating suitable play environments alongside more thorny issues such as safety and consultation. Finally, the book offers up some of Hughes' most recent research that reveals how his approach to play and playwork in global society has continued to evolve throughout his career to meet new challenges and needs. Throughout this book, Hughes has included his fellow practitioner Mick Conway's vivid observations of children at play to bring the facts and arguments in the text to life. This revised edition reflects important recent advances in our understanding of the evolutionary history of play and its impact on the development of the brain, of the role play in the development of resilience and of the impact of play deprivation. Evolutionary Playwork is still the only book to combine the reality of playwork practice with the fundamentals of evolutionary and developmental psychology, and it is still essential reading for all playwork students, practitioners and researchers. 606 $aPlay 606 $aRecreation centers 606 $aChild development 615 0$aPlay. 615 0$aRecreation centers. 615 0$aChild development. 676 $a155.4/18 700 $aHughes$b Bob$f1944-,$01522435 801 0$bMiAaPQ 801 1$bMiAaPQ 801 2$bMiAaPQ 906 $aBOOK 912 $a9910790449303321 996 $aEvolutionary playwork$93762138 997 $aUNINA